000
00204nam a2200097Ia 4500
008
190216s9999||||xx |||||||||||||| ||und||
100
_a
Joseph M C
245
0
_a
Prabhodhanam
260
_b
Null
942
_c
BK
999
_c
24433
_d
24433